Agriculture and economic growth : theory and measuruement

Saved in:
Bibliographic Details
Main Author: Mundlak, Yair
Format: Book
Language:Vietnamese
Published: Harvard University Press 2000
Tags: Add Tag
No Tags, Be the first to tag this record!
Institutions: Mạng thư viện Đại học Đà Nẵng
LEADER 00645nam a2200253 4500
001 000020417
003 16863
005 20150317160356.0
008 150317s2000 viesd
020 |c 0 
041 0 |a vie 
082 1 4 |a 338.1  |b MU-Y 
100 1 |a Mundlak, Yair 
245 1 0 |a Agriculture and economic growth : theory and measuruement  |c Yair Mundlak. 
260 |b Harvard University Press  |c 2000 
300 |a tr.  |c cm. 
OWN |a LSP 
999 |a From the UDN01 
TYP |a Monograph 
TYP |a Printed language 
980 |a Mạng thư viện Đại học Đà Nẵng